000 00735nam a2200217Ia 4500
003 GCL
008 140319s9999 xx 000 0 ara d
040 _aGCL /
_cGCL
082 0 4 _a810.9
_bا ش
100 1 _aاحمد الهوارى
245 1 0 _aشكرى عياد: جسور مقاربات فى التواصل الثقافى /
_cاحمد الهوارى
300 _a493 ص
490 _aالهيئة العامة للاستعلامات
_v0
650 0 4 _aالادب العربى
650 0 4 _aالتراجم الادبية
650 0 4 _aالشعر العربى - تاريخ ونقد
650 0 4 _aالادباء العرب
650 0 4 _aشكرى عياد
650 0 4 _aالشعر العربى - تاريخ
942 _2ddc
_cBK
999 _c50351
_d50351